00433 2200169 4500001002100000005001500021035002000036007000300056008004100059020002200100082001100122084001700133100001500150245003200165260003100197300003500228INLIS00000000000033120260119015336 a0010-0126000024ta260119 0 ind  a978-623-180-165-4 a657.48 a657.48 HAR a0 aHarti, dwi1 aAkuntansi Keuangan Kelas XI aJakarta :bErlangga,c2022 aix + 310 hlm. ;c17,5 x 25 cm.